Lanean...

ഡൈവിങ് കവചവും ചിത്രശലഭവുെം /

Xehetasun bibliografikoak
Egile nagusia: ബോബി, ഴാന്‍ ‍‍ഡൊമിനിക്
Beste egile batzuk: Bauby, Jean Dominique, Umadathan, B. (Itzultzailea), Lalitha, B. (Itzultzailea)
Formatua: Printed Book
Hizkuntza:English
Argitaratua: കോട്ടയം : ഡി.സി. ബുക്സ്, 2015.
Edizioa:1st ed.
Gaiak:
LEADER 00946nam a22002297a 4500
008 160624b xxu||||| |||| 00| 0 eng d
020 |a 9788126464173 
082 |a 923.621  |b BAU/UMA 
100 |a ബോബി, ഴാന്‍ ‍‍ഡൊമിനിക് 
240 |a Diving kavachavum chithra salbhavum 
245 |a ഡൈവിങ് കവചവും ചിത്രശലഭവുെം /  |c ബി. ഉമാദത്തന്‍ 
246 |a The Diving bell and the butterfly 
250 |a 1st ed. 
260 |a കോട്ടയം :  |b ഡി.സി. ബുക്സ്,  |c 2015. 
300 |a 118p. 
650 |a Memoirs 
700 |a Bauby, Jean Dominique 
700 |a Umadathan, B.  |e translator. 
700 |a Lalitha, B.  |e translator. 
942 |2 ddc  |c BK 
999 |c 15218  |d 15218 
952 |0 0  |1 0  |2 ddc  |4 0  |6 923_621000000000000_BAU_UMA  |7 0  |9 21540  |a MAIN  |b MAIN  |d 2016-06-24  |e DC Books  |g 95.00  |o 923.621 BAU/UMA  |p 21531  |r 2016-06-24  |t 1  |w 2016-06-24  |y BK